Loading...
| Science - Chemistry | 0 | 7 | 0 | 2 | 70 | 17 | 62.00 | 1 | 3 | 30.99 | 40.00 |
| Science - Physics | 0 | 7 | 1 | 0 | 65 | 12 | 36.14 | 3 | 7 | 49.98 | 63.89 |
| Science - Biology | 0 | 6 | 1 | 0 | 55 | 42 | 49.33 | 1 | 6 | 32.98 | 47.78 |
| Fine Arts - Other | 0 | 2 | 0 | 0 | 20 | 88 | 92.50 | 0 | 1 | 4.35 | 7.78 |
| Painting/Sculpture | 0 | 1 | 0 | 0 | 10 | 69 | 69.00 | 0 | 1 | 3.37 | 6.67 |
| Mythology | 0 | 1 | 0 | 0 | 10 | 47 | 47.00 | 1 | 1 | 6.18 | 11.11 |
| Literature - American | 0 | 1 | 0 | 0 | 10 | 71 | 71.00 | 0 | 0 | 4.13 | 2.22 |
| Literature - World | 0 | 1 | 0 | 0 | 10 | 76 | 76.00 | 0 | 1 | 3.57 | 4.44 |
| Current Events | 0 | 1 | 0 | 0 | 10 | 54 | 54.00 | 0 | 1 | 10.18 | 8.00 |